000 00808nam a2200205Ia 4500
003 GCL
008 140319s9999 xx 000 0 ara d
040 _aGCL /
_cGCL
082 0 4 _aم
_b001.603
_bم ق
100 1 _aمحمد السعيد خشبة
245 1 0 _aقاموس الكمبيوتر نظم الاتصالات ونظم المعلومات , قواعد البيانات. انجليزى عربى /
_cمحمد السعيد خشبة
700 1 _aمحمود عبدالعظيم عبدالله
260 _a[S.N] :
_bلجنة الاعلام والدراسات المستقبلية ،
_c1990
300 _a246 ص
490 _aالاعمال الكاملة
_v0
650 0 4 _aالحاسبات الالكترونية
650 0 4 _aالالكترونات
650 0 4 _aالمعاجم
942 _2ddc
_cREF
999 _c59225
_d59225